| 000 | 00553nam a2200193 a 4500 | ||
|---|---|---|---|
| 001 | 1423 | ||
| 003 | CDMR | ||
| 005 | 20131106154913.0 | ||
| 008 | 130130s1970||||||||||||||||||||||||||||d | ||
| 040 |
_aCDMR _bcat _cCDMR |
||
| 100 | 1 |
_aAlbert, Pierre _91088 |
|
| 245 | 1 | 0 |
_aHistoire de la presse _cpar Pierre Albert et Fernand Terrou |
| 260 |
_aParís _c1970 _bPresses Universitaires de France |
||
| 300 |
_a126 p ; _c18 cm |
||
| 490 | 0 |
_aQue sais-je? _v368 |
|
| 650 | 0 | 4 |
_aPremsa _xHistòria _zFrança _91130 |
| 700 | 1 |
_91245 _aTerrou, Fernand |
|
| 942 |
_cMON _2udc |
||
| 999 |
_c1423 _d1423 |
||